000 00819nam a2200253Ia 4500
003 OSt
005 20221005113358.0
006 a|||||r|||| 00| 0
007 ta
008 221004b |||||||| |||| 00| 0 pan d
020 _c80
024 _a11495
037 _b823, 13/03/2014, H.K. Prakashan
_cTextual
040 _aCRL
_cCRL
_bpan
041 _2pan
_apan
082 _aO153,3N79x, Q3
100 _aਪੁਰਬਾ, ਭਵਨਦੀਪ ਸਿੰਘ
245 0 _aਮਣਕੇ
260 _aਮੋਗਾ
_bਮਹਿਕ ਵਤਨ ਦੀ ਭਾਰਤ
_c2013
300 _a80ਪੰ
_ccm.
650 _aਪੰਜਾਬੀ ਸਾਹਿਤ
942 _hO153,3N79x, Q3
_cTEXL
_2cc
999 _c1027980
_d1027980